| 000 | 00361 a2200133 4500 | ||
|---|---|---|---|
| 999 |
_c13439 _d13439 |
||
| 003 | OSt | ||
| 005 | 20250813185203.0 | ||
| 008 | 250805b ||||| |||| 00| 0 eng d | ||
| 020 | _a 978-0500519547 | ||
| 100 | _a Roger Burrows | ||
| 245 | _a3D Thinking in Design and Architecture: From Antiquity to the Future | ||
| 260 |
_bThames and Hudson _c2018 |
||
| 942 | _2ddc | ||